• 首页
  • 本馆介绍
  • 公告通知
  • 最新文献
  • 馆藏检索
  • 电子资源
  • 读者导购
  • 参考咨询
  • 我的图书馆
  • 登录
  • 详细信息显示
  • 放入我的书架
  • 预约/预借图书
  • 作者相关作品
  • 分类相关作品
  • 丛书相关作品
  • 出版社相关作品

书目信息

  • 表格格式
  • 工作单格式
  • 卡片格式
题名:
钢结构
    
 
作者: 足立洪 主审
分册:  
出版信息: 北京   中国铁道出版社  1983.3
页数: 279页
开本: 19cm
丛书名:
单 册:
中图分类: TU391
科图分类:
主题词: 金属结构
电子资源:
ISBN:
000 00541nam0 2200205 45
001 0181011562
005 20060220174209.53
010    @dCNY1.10
091    @a15043.6373
100    @a20810111d km y0chiy0120 ea
101 0  @achi
200 1  @a钢结构@Agang jie gou@f(日)足立洪主审@Fding li hong
210    @a北京@c中国铁道出版社@d1983.3
215    @a279页@c图表@d19cm
300    @a日本土本工程手册
606 0  @a金属结构
690    @aTU391
701 0  @a足立洪@Azu li hong@4主审
801    @aCN@bTSTC@c20060220
905    @dTU391@e11@f1@b81533
    
    钢结构/(日)足立洪主审.-北京:中国铁道出版社,1983.3
    279页:图表;19cm
    日本土本工程手册
    
    ISBN :CNY1.10
    
●
相关链接 在E读中查询图书 在五车中查询图书 在当当中查询图书 在豆瓣中查询图书


正题名:钢结构     索取号:TU391/11         预约/预借

序号 登录号 条形码 馆藏地/架位号 状态 备注
1 0081532   202192858   密集书库/ [索取号:TU391/11] 在馆    
2 0081533   001481211   第三借阅区/ [索取号:TU391/11] 在馆    
3 0081535   001481284   第二样本阅览室/ [索取号:TU391/11] 在馆    
唐山师范学院图书馆 欢迎您!
大连网信软件有限公司© 版权所有